Normal view
MARC view
- الاندلس-تاريخ، بنو خطاب تاريخ
Entry Topical Term
001 - CONTROL NUMBER
- control field: 39450
003 - CONTROL NUMBER IDENTIFIER
- control field: JO-AjAnu
005 - DATE AND TIME OF LATEST TRANSACTION
- control field: 20230606080548.0
008 - FIXED-LENGTH DATA ELEMENTS
- fixed length control field: 230606|| aca||aabn | a|a d
040 ## - CATALOGING SOURCE
- Original cataloging agency: JO-AjAnu
- Transcribing agency: JO-AjAnu
150 ## - HEADING--TOPICAL TERM
- Topical term or geographic name entry element: الاندلس-تاريخ، بنو خطاب تاريخ
670 ## - SOURCE DATA FOUND
- Source citation: Work cat.: (JO-AjAnu)20229: سالم، سحر السيد عبد العزيز, author 39449, بنو خطاب بن عبد الجبار التدمري: اسرة من المولدين بمرسية في العصر الاسلامي